La aventura de oir

Furkejuvvon:
Bibliográfalaš dieđut
Váldodahkki: Pelegrín, Ana (Dahkki)
Materiálatiipa: Girji
Giella:espánnjágiella
Almmustuhtton: Bogotá Cincel 1982
Ráidu:Expresión y Escuela, 2
Fáttát:
Fáddágilkorat: Lasit fáddágilkoriid
Eai fáddágilkorat, Lasit vuosttaš fáddágilkora!

MARC

LEADER 00000nam a2200000 a 4500
001 UCL0867
003 CL-VaPUC
005 20250415123255.0
008 030825e19820000CK |||||||||||||||||spa|d
999 |c 304593  |d 304591 
020 |a 8470463 
040 |c Pontificia Universidad Católica de Valparaíso 
082 0 4 |a 808.068  |b PEL  |2 21 
100 0 |a Pelegrín, Ana  |e author  |9 477594 
245 1 3 |a La aventura de oir 
260 |a Bogotá  |b Cincel  |c 1982 
300 |a 208 p 
490 0 |a Expresión y Escuela, 2 
583 |a last modification  |c 20030825 00:00:00  |k Rodrigo Vera 
650 0 |a Literatura infantil  |9 308044  |x Cuentos  |x Tradición oral 
942 |c BK  |2 ddc 
945 |d 20030825 00:00:00  |a cmena 
952 |0 0  |1 0  |4 0  |6 808_068000000000000_PEL_1982  |7 0  |8 A  |9 367046  |a BIBEDU  |b BIBEDU  |d 2019-11-21  |i 3932435  |o 808.068 PEL 1982  |p 3932435  |r 2019-11-21  |w 2019-11-21  |y BK  |k EPE